[Event "Catalunya-chB"]
[Site "Spain"]
[Date "1996.11.17"]
[Round "7"]
[White "Gonzalez Moreno, Antoni"]
[Black "Lopez Buron, Ramon"]
[Result "1-0"]
[WhiteElo "1910"]
[BlackElo "1800"]
[PlyCount "51"]
[EventDate "1997.??.??"]
[EventType "swiss"]
[EventRounds "8"]
[EventCountry "ESP"]
[SourceTitle "EXT 2003"]
[Source "ChessBase"]
[SourceDate "2002.11.25"]
[SourceVersion "1"]
[SourceVersionDate "2002.11.25"]
[SourceQuality "1"]

1. c4 f5 2. d4 e6 3. Nf3 Nf6 4. Nc3 Be7 5. e3 0-0 6. Be2 d6 7. 0-0 Nbd7 8. a3 c6 9. b4 d5 10. cxd5 exd5 11. Bb2 Ne4 12. Rc1 Ndf6 13. Bd3 Bd6 14. Ne5 Qe7 15. Qc2 Bxe5 16. dxe5 Nd7 17. f4 g5 18. Ne2 g4 19. g3 Rf7 20. Bxe4 fxe4 21. Qc3 Rg7 22. f5 Qg5 23. Rf4 Nf8 24. e6 Nxe6 25. fxe6 Bxe6 26. Qxg7+ 1-0

[Event "Catalunya-chB"]
[Site "Spain"]
[Date "1996.10.06"]
[Round "1"]
[White "Lopez Buron, Ramon"]
[Black "Garciolo Lopez, Joan"]
[Result "0-1"]
[WhiteElo "1800"]
[BlackElo "1975"]
[PlyCount "60"]
[EventDate "1997.??.??"]
[EventType "swiss"]
[EventRounds "8"]
[EventCountry "ESP"]
[SourceTitle "EXT 2003"]
[Source "ChessBase"]
[SourceDate "2002.11.25"]
[SourceVersion "1"]
[SourceVersionDate "2002.11.25"]
[SourceQuality "1"]

1. a3 e5 2. c4 Nf6 3. d3 g6 4. Nf3 d6 5. e3 Bg7 6. Nc3 0-0 7. Be2 Nbd7 8. e4 Nc5 9. 0-0 a5 10. a4 Bd7 11. Be3 Ne6 12. Qd2 Ng4 13. h3 Nxe3 14. fxe3 Nc5 15. Nb5 Nb3 16. Qc2 Nxa1 17. Rxa1 Bh6 18. Qd2 f5 19. exf5 gxf5 20. Kh2 e4 21. dxe4 c6 22. Qxd6 Bxe3 23. Qg3+ Kh8 24. Nd6 fxe4 25. Ne5 Qe7 26. Qxe3 Qxe5+ 27. Qg3 Qxb2 28. Re1 Bf5 29. Bh5 Qg7 30. Rf1 Bg6 0-1